Statistics for Golden Globe Winners for Best Actress in a Comedy Motion Picture

Click here to take the quiz!

General Stats

  • This quiz has been taken 32 times
  • The average score is 46 of 77

Answer Stats

YearFilmWinner% Correct
2006The Devil Wears PradaMeryl Streep
100%
2009Julie & JuliaMeryl Streep
100%
2023Poor ThingsEmma Stone
97%
2016La La LandEmma Stone
97%
2012Silver Linings PlaybookJennifer Lawrence
97%
2015JoyJennifer Lawrence
97%
1976A Star Is BornBarbra Streisand
93%
1968Funny GirlBarbra Streisand
93%
1990Pretty WomanJulia Roberts
93%
1965The Sound of MusicJulie Andrews
93%
1982Victor/VictoriaJulie Andrews
93%
1964Mary PoppinsJulie Andrews
93%
1959Some Like It HotMarilyn Monroe
93%
2005Walk the LineReese Witherspoon
93%
1996EvitaMadonna
90%
2002ChicagoRenée Zellweger
90%
2000Nurse BettyRenée Zellweger
90%
2017Lady BirdSaoirse Ronan
90%
1987MoonstruckCher
86%
1972CabaretLiza Minnelli
86%
2022Everything Everywhere All at OnceMichelle Yeoh
86%
1995To Die ForNicole Kidman
86%
2001Moulin Rouge!Nicole Kidman
86%
2013American HustleAmy Adams
83%
2014Big EyesAmy Adams
83%
1998Shakespeare in LoveGwyneth Paltrow
83%
2018The FavouriteOlivia Colman
83%
2003Something's Gotta GiveDiane Keaton
79%
1977Annie HallDiane Keaton
79%
2007La Vie en RoseMarion Cotillard
76%
1991For the BoysBette Midler
66%
1979The RoseBette Midler
66%
1997As Good as It GetsHelen Hunt
66%
1994True LiesJamie Lee Curtis
66%
1989Driving Miss DaisyJessica Tandy
66%
2011My Week with MarilynMichelle Williams
66%
2010The Kids Are All RightAnnette Bening
62%
2004Being JuliaAnnette Bening
62%
1986Crimes of the HeartSissy Spacek
62%
1980Coal Miner's DaughterSissy Spacek
62%
1993What's Love Got to Do with ItAngela Bassett
59%
1954A Star Is BornJudy Garland
59%
1985Prizzi's HonorKathleen Turner
55%
1984Romancing the StoneKathleen Turner
55%
1978California SuiteMaggie Smith
55%
1988Working GirlMelanie Griffith
55%
1973A Touch of ClassGlenda Jackson
52%
1960The ApartmentShirley MacLaine
52%
1963Irma la DouceShirley MacLaine
52%
1967The GraduateAnne Bancroft
48%
1956The King and IDeborah Kerr
48%
2021West Side StoryRachel Zegler
45%
2019The FarewellAwkwafina
41%
1983Educating RitaJulie Walters
41%
2020I Care a LotRosamund Pike
41%
1961A Majority of OneRosalind Russell
38%
1962GypsyRosalind Russell
38%
1958Auntie MameRosalind Russell
38%
1999TumbleweedsJanet McTeer
34%
1950Born YesterdayJudy Holliday
34%
1977The Goodbye GirlMarsha Mason
31%
1975TommyAnn-Margret
28%
1971The Boy FriendTwiggy
28%
1978Same Time, Next YearEllen Burstyn
24%
1966Georgy GirlLynn Redgrave
24%
1970Diary of a Mad HousewifeCarrie Snodgrass
21%
2008Happy-Go-LuckySally Hawkins
21%
1952With a Song in My HeartSusan Hayward
21%
1981Pennies from HeavenBernadette Peters
17%
1955Guys and DollsJean Simmons
17%
1992Enchanted AprilMiranda Richardson
17%
1974The Three MusketeersRaquel Welch
17%
1953Call Me MadamEthel Merman
14%
1951Too Young to KissJune Allyson
10%
1957Les GirlsKay Kendall
10%
1969Me, NataliePatty Duke
10%
1957Les GirlsTaina Elg
10%

Score Distribution

Percentile by Number Answered

Percent of People with Each Score

Your Score History

You have not taken this quiz